01286nam a2200241 a 450000100100000000500170001000800410002702000150006804000250008308200160010810000390012424500620016326002100022530000250043549000810046050400300054183000840057104900090065595201290066495201140079395201200090799900170102700002757520200930030932.0110401s2004 dr 000 0 spa d a9945000209 aDO-SdBNPbspacBNPHU axxxxbM662i1 aMimenza Aurrecoechea, Ander95467010aInvestigación de mercado /cAnder Mimenza Aurrecoechea. aSanto Domingo :bAlianza ONG, Programa de Fortalecimiento de Capacidades de Organizaciones sin Fines de Lucro en Gestión, marketing y tecnologías de la Información :bW. K. Kellogg Foundation,c2004. axii, 50 p. ;c23 cm.1 aManuales para el fortalecimiento de Organizaciones sin Fines de Lucrovno. 6 aBibliografía : p. 49-50 0aManuales para el fortalecimiento de Organizaciones sin Fines de Lucrov6954672 aBNPD 001054708PDaGRbGRcCTd2011-07-06iLF1l0oxxxx M662ip27575-30r2020-06-25te. 6w2020-06-25yLFPDZPréstamo en sala 0010718PDaPDbPDcCTd2011-04-01iLF1l0oxxxx M662ip27575-10r2020-06-25w2020-06-25yLFPDZNo se presta 0010718PDaPDbPDcCTd2011-04-01iLF1l0oxxxx M662ip27575-20r2020-06-25te. 2w2020-06-25yLFPDZNo se presta c27067d27067